|
|
|
|
| LEADER |
00000ckm a2200000 a 4500 |
| 001 |
vtls001411961 |
| 003 |
SK-MaSNL |
| 005 |
20260331204256.0 |
| 007 |
kf co |
| 008 |
200701s2000 xo g 0kuslo |
| 015 |
|
|
|a SNBG2001/02-01424
|
| 035 |
|
|
|a SNK000366670
|
| 040 |
|
|
|a SNK
|b slo
|c SNK
|e AACR2
|
| 041 |
0 |
|
|a slo
|
| 043 |
|
|
|a e-xo---
|
| 044 |
|
|
|a xo
|c SK
|
| 072 |
|
7 |
|a 913
|x Regionálna geografia
|2 konspekt
|
| 080 |
|
|
|a 913(437.6)
|2 2011
|
| 080 |
|
|
|a (084.121)
|2 2011
|
| 080 |
|
|
|a 913.437.649(084.121)
|2 1981
|
| 100 |
1 |
|
|a Badinka, Jaroslav,
|d 1964-
|4 pht
|4 art
|9 171177
|
| 245 |
1 |
0 |
|a Hrušov
|h grafika
|b celkový pohľad na obec : pieskovcové pivnice : expozícia v Tradičnom ľudovom dome : Amfiteáter : hrušovský kroj
|c grafický návrh a foto: Jaroslav Badinka
|
| 246 |
1 |
|
|i Názov na obrazovej časti:
|a Hrušov
|
| 260 |
|
|
|a Zvolen
|b FOTO Badinka s.r.o.
|c 2000
|
| 300 |
|
|
|a 1 pohľadnica (5 čiastkových pohľadov)
|b farebná
|c 15 x 11 cm
|
| 500 |
|
|
|a Na adresnej časti uvedená adresa a telefónne číslo vydavateľstva
|
| 520 |
8 |
|
|a Zobrazenie:
|
| 611 |
2 |
7 |
|a Hontianska paráda
|n (5. :
|d 2000 :
|c Hrušov, Veľký Krtíš, Slovensko)
|2 SNKKA
|9 687494
|
| 651 |
|
7 |
|a Hrušov (Veľký Krtíš, Slovensko)
|2 SNKPHgeo
|9 159608
|
| 655 |
|
7 |
|a miestne pohľadnice
|2 SNKPH
|9 70510
|
| 958 |
|
|
|a GBN
|
| 958 |
|
|
|a GC
|
| 958 |
|
|
|a OND
|
| 999 |
|
|
|c 1069187
|d 1071117
|
| 952 |
|
|
|t P60, <03>, [BOOK], {603}
|a SNK
|b SNK
|y PREZ
|7 0
|p 17A1280729
|o snkSP 150756
|i snkPV 174/2001
|0 0
|1 0
|4 0
|d 2001-04-23
|l 0
|r 2005-01-02 00:00:00
|w 2026-02-24
|
| 952 |
|
|
|t P60, <04>, [BOOK], {604}
|a SNK
|b SNK
|y PREZ
|7 0
|p 17A1280730
|o snkSP 150756 D1
|i snkPV 175/2001
|0 0
|1 0
|4 0
|d 2001-04-23
|l 0
|r 2005-01-02 00:00:00
|w 2026-02-24
|